<?xml version="1.0" encoding="utf-8"?>
<?xml-stylesheet type='text/xsl' href='./oai2.xsl'?>
<OAI-PMH xmlns="http://www.openarchives.org/OAI/2.0/" xmlns:xsi="http://www.w3.org/2001/XMLSchema-instance" xsi:schemaLocation="http://www.openarchives.org/OAI/2.0/ http://www.openarchives.org/OAI/2.0/OAI-PMH.xsd">
  <responseDate>2026-06-07T16:26:45Z</responseDate>
  <request verb="GetRecord" metadataPrefix="marcxml" identifier="record_kuniweb_171319">https://kulturerbe.niedersachsen.de/oai</request>
  <GetRecord>
    <record>
      <header>
        <identifier>record_kuniweb_171319</identifier>
        <datestamp>2024-04-10T10:39:58Z</datestamp>
        <setSpec>slg0221</setSpec>
      </header>
      <metadata>
        <marc:record xmlns:marc="http://www.loc.gov/MARC21/slim" xsi:schemaLocation="http://www.loc.gov/MARC21/slim http://www.loc.gov/standards/marcxml/schema/MARC21slim.xsd">
          <marc:leader>12345nrm  22     uu 4500</marc:leader>
          <marc:controlfield tag="001">171319</marc:controlfield>
          <marc:controlfield tag="003">http://kuniweb.gbv.de</marc:controlfield>
          <marc:controlfield tag="005">2020-01-13T16:01:39</marc:controlfield>
          <marc:controlfield tag="008">|           ||||||||||||||||||||||</marc:controlfield>
          <marc:datafield tag="245" ind1="1" ind2="0">
            <marc:subfield code="a">Witwe Ayecke am Kaffeetisch, um 1820, (F. Trümpelmann attr.)</marc:subfield>
          </marc:datafield>
          <marc:datafield tag="655" ind1=" " ind2="7">
            <marc:subfield code="a">Kunsthandwerk</marc:subfield>
          </marc:datafield>
          <marc:datafield tag="046" ind1=" " ind2=" ">
            <marc:subfield code="k">1820</marc:subfield>
            <marc:subfield code="k">ca. 1820</marc:subfield>
          </marc:datafield>
          <marc:datafield tag="260" ind1=" " ind2=" ">
            <marc:subfield code="g">1820</marc:subfield>
            <marc:subfield code="g">ca. 1820</marc:subfield>
          </marc:datafield>
          <marc:datafield tag="300" ind1=" " ind2=" ">
            <marc:subfield code="a">Höhe: 31 cm
Breite: 25,5 cm
Höhe: 36,5 cm (Rahmen)
Breite: 30,5 cm (Rahmen)</marc:subfield>
          </marc:datafield>
          <marc:datafield tag="520" ind1=" " ind2=" ">
            <marc:subfield code="a">Zwei Frauen am Kaffeetisch, eine sitzend eine stehend, mittig Büste im Rundrahmen, Rückwand Holzplatte, darauf Blatt mit Aufschrift (s. o.), profilierter schwarzer Rahmen. Das türkise Buntpapier lässt den Scherenschnittkünstler Ferdinand Trümpelmann als Urheber vermuten.

 (O. Rennebeck 02/2019)

Aufschrift:
"Aus Anlaß der 100jährigen Jubel-Feier der Errichtung des Ayecke'schen Armen-Instituts zu Osterende-Otterndorf gewidmet und dem Institut überwiesen von der Familie Hülse in Otterndorf, den 12. December 1902. Joh. Hülse gb [...], August Hülse, Dr. med. Ernst Hülse (seit 1886 Institutsarzt)" / "Die Silhouetten stellen dar: oben in dem Kranz: Johann Hinrich Ayecke, unten rechts: Rebecka Dorothea Ayecke geb. Wisaeus, unten links: Mademoiselle Köster, der Familie Ayecke befreundet." (verso auf aufgeklebtem Blatt)</marc:subfield>
          </marc:datafield>
          <marc:datafield tag="650" ind1="1" ind2=" ">
            <marc:subfield code="a">Materialbild &gt; Scherenschnitt</marc:subfield>
          </marc:datafield>
          <marc:datafield tag="773" ind1="0" ind2=" ">
            <marc:subfield code="t">Sammlung "Kulturerbe" im Kranichhaus</marc:subfield>
          </marc:datafield>
          <marc:datafield tag="852" ind1=" " ind2=" ">
            <marc:subfield code="a">Kranichhaus. Museum des Landes Hadeln</marc:subfield>
          </marc:datafield>
          <marc:datafield tag="" ind1=" " ind2=" ">
            <marc:subfield code="a">Namensnennung - Nicht kommerziell - Keine Bearbeitungen 4.0 International (CC BY-NC-ND 4.0)</marc:subfield>
          </marc:datafield>
        </marc:record>
      </metadata>
    </record>
  </GetRecord>
</OAI-PMH>
